000 00633nam a2200181 4500
999 _c370945
_d370945
008 201207b ||||| |||| 00| 0 eng d
040 _bger
_cDE-2950
_erda
_aDE-2950
041 _ager
100 _aWenk, Kirstin:
245 _aBrandenburg und China - die Geschichte einer wechselhaften Beziehung/
_cKirstin Wenk
264 _c2021
490 _aDie Mark Brandenburg
_vHeft 122: China In Brandenburg
773 _dBerlin: Die Mark Brandenburg - Verlag für Regional- und Zeitgeschichte
_g(2021) Heft 122, S. 2-8: Abb.
_tDie Mark Brandenburg
942 _cA